[Event "EU-ch Schools U13"]
[Site "Tornelo INT"]
[Date "2021.12.05"]
[Round "6"]
[White "Tushishvili, Tamaz"]
[Black "Shamatava, Nikolozi"]
[Result "1-0"]
[WhiteElo "1304"]
[BlackElo "1752"]
[PlyCount "119"]
[EventDate "2021.12.03"]
[EventType "swiss (rapid)"]
[EventRounds "7"]
[EventCountry "NET"]
[SourceTitle "EXT 2023"]
[Source "ChessBase"]
[SourceDate "2022.10.05"]
[SourceVersion "1"]
[SourceVersionDate "2022.10.05"]
[SourceQuality "1"]

1. e4 e5 2. Nf3 Nc6 3. Bb5 a6 4. Ba4 Nf6 5. 0-0 Be7 6. Re1 b5 7. Bb3 d6 8. c3 0-0 9. h3 Nb8 10. d4 Nbd7 11. Nbd2 c5 12. d5 Re8 13. Bc2 Bf8 14. b4 Bb7 15. a4 cxb4 16. cxb4 Rc8 17. axb5 axb5 18. Bd3 Qb6 19. Qe2 Ba6 20. Nb3 Nb8 21. Be3 Qb7 22. Na5 Qd7 23. Rec1 Nxd5 24. exd5 e4 25. Rxc8 Qxc8 26. Nd4 exd3 27. Qxd3 Qd7 28. Nac6 Qb7 29. Qa3 g6 30. Nxb8 Qxb8 31. Qxa6 Bg7 32. Nc6 Qc7 33. Qa7 Qc8 34. Rc1 Qa8 35. Ne7+ Kf8 36. Qxa8 Rxa8 37. Rc8+ Rxc8 38. Nxc8 Bc3 39. Bh6+ Kg8 40. Nxd6 Bxb4 41. Nxb5 Be7 42. d6 Bd8 43. d7 f5 44. Nd6 g5 45. Nb7 Be7 46. d8Q+ Bxd8 47. Nxd8 g4 48. hxg4 fxg4 49. Kh2 Kh8 50. Kg3 Kg8 51. Kxg4 Kh8 52. Kf5 Kg8 53. Kf6 Kh8 54. Ne6 Kg8 55. Ng5 Kh8 56. Bg7+ Kg8 57. f4 h5 58. Kg6 h4 59. Ne4 h3 60. Nf6# 1-0

[Event "EU-ch Schools U13"]
[Site "Tornelo INT"]
[Date "2021.12.04"]
[Round "4"]
[White "Tushishvili, Tamaz"]
[Black "Orujov, Hasan"]
[Result "1-0"]
[WhiteElo "1304"]
[BlackElo "1539"]
[PlyCount "121"]
[EventDate "2021.12.03"]
[EventType "swiss (rapid)"]
[EventRounds "7"]
[EventCountry "NET"]
[SourceTitle "EXT 2023"]
[Source "ChessBase"]
[SourceDate "2022.10.05"]
[SourceVersion "1"]
[SourceVersionDate "2022.10.05"]
[SourceQuality "1"]

1. e4 c5 2. Nf3 d6 3. d4 cxd4 4. Nxd4 Nf6 5. Nc3 a6 6. Be2 e5 7. Nb3 Be7 8. 0-0 0-0 9. h3 b5 10. Nd5 Nbd7 11. Be3 Bb7 12. Bf3 Nxd5 13. exd5 f5 14. c3 Nf6 15. Bg5 a5 16. a4 Ba6 17. Be2 bxa4 18. Rxa4 Bxe2 19. Qxe2 Nxd5 20. Qc4 Bxg5 21. Qxd5+ Kh8 22. Rxa5 Rxa5 23. Nxa5 f4 24. Nb7 Qf6 25. Qxd6 Qf5 26. Nc5 f3 27. Ne6 Re8 28. Nxg5 Qxg5 29. g3 e4 30. Qf4 Qb5 31. b4 Qc4 32. Qe3 Rd8 33. Re1 Re8 34. Qd4 Qxd4 35. cxd4 Kg8 36. Rc1 Rd8 37. Rc4 Kf7 38. Kf1 Ke6 39. b5 Kd5 40. Rb4 Rb8 41. Ke1 Rc8 42. Kd2 g5 43. b6 Rb8 44. Ke3 Rb7 45. Rb5+ Kc4 46. Rxg5 Rxb6 47. Kxe4 Rb3 48. Rc5+ Kb4 49. Rc8 Ra3 50. d5 Ra7 51. d6 Kb5 52. Rc7 Ra4+ 53. Ke5 Kb6 54. Rc3 Ra1 55. d7 Re1+ 56. Kd6 Rd1+ 57. Ke7 Re1+ 58. Re3 Rd1 59. d8Q+ Rxd8 60. Kxd8 Kc6 61. Rxf3 1-0

[Event "EU-ch Schools U13"]
[Site "Tornelo INT"]
[Date "2021.12.03"]
[Round "1"]
[White "Tushishvili, Tamaz"]
[Black "Antoniou, Rafail"]
[Result "1/2-1/2"]
[WhiteElo "1304"]
[BlackElo "1681"]
[PlyCount "129"]
[EventDate "2021.12.03"]
[EventType "swiss (rapid)"]
[EventRounds "7"]
[EventCountry "NET"]
[SourceTitle "EXT 2023"]
[Source "ChessBase"]
[SourceDate "2022.10.05"]
[SourceVersion "1"]
[SourceVersionDate "2022.10.05"]
[SourceQuality "1"]

1. e4 c5 2. Nf3 e6 3. d4 cxd4 4. Nxd4 Nf6 5. Nc3 Nc6 6. g3 Bb4 7. Bg2 d5 8. exd5 Nxd5 9. Nxc6 bxc6 10. 0-0 0-0 11. Nxd5 cxd5 12. c3 Bc5 13. c4 Bb7 14. b3 Qb6 15. cxd5 Bxd5 16. Bxd5 Rad8 17. Bb2 exd5 18. Qd3 d4 19. Rfe1 Rfe8 20. Kf1 a6 21. Rac1 g6 22. Qc4 Rxe1+ 23. Rxe1 Qb5 24. Qxb5 axb5 25. Rd1 d3 26. a4 bxa4 27. bxa4 Bb4 28. Bf6 Rd5 29. Bb2 f5 30. Bc1 d2 31. Bb2 Ra5 32. Ke2 Rxa4 33. Bd4 Ba5 34. Be3 Re4 35. Kf3 g5 36. Bxd2 g4+ 37. Kg2 Rd4 38. Bxa5 Rxd1 39. Bb6 h5 40. Be3 Kf7 41. h3 Ke6 42. hxg4 fxg4 43. Bb6 Kf5 44. Be3 Ke4 45. Bb6 Rd3 46. Ba7 Rf3 47. Bb6 Kd5 48. Ba7 Rb3 49. Be3 Rxe3 50. fxe3 Ke4 51. Kf2 Kd3 52. e4 Kxe4 53. Ke2 Kd4 54. Kd2 Ke4 55. Ke2 Kd4 56. Kd2 Kc4 57. Ke3 Kd5 58. Kf4 h4 59. gxh4 Ke6 60. Kxg4 Kf6 61. h5 Kg7 62. Kg5 Kh8 63. h6 Kg8 64. Kg6 Kh8 65. h7 1/2-1/2

[Event "EU-ch U10"]
[Site "Bratislava"]
[Date "2019.08.09"]
[Round "8"]
[White "Papaioannou, Dimitrios1111"]
[Black "Tushishvili, Tamaz"]
[Result "1-0"]
[WhiteElo "1608"]
[BlackElo "1330"]
[PlyCount "109"]
[EventDate "2019.08.02"]
[EventType "swiss"]
[EventRounds "9"]
[EventCountry "SVK"]
[SourceTitle "EXT 2020"]
[Source "ChessBase"]
[SourceDate "2019.10.17"]
[SourceVersion "1"]
[SourceVersionDate "2019.10.17"]
[SourceQuality "1"]

1. e4 c5 2. Nf3 Nc6 3. d4 cxd4 4. Nxd4 Nf6 5. Nc3 d6 6. Bg5 e6 7. Qd2 Be7 8. 0-0-0 a6 9. Nxc6 bxc6 10. Bxf6 gxf6 11. Bc4 d5 12. Bb3 Bb7 13. Rhe1 Qc7 14. Qe2 Rd8 15. exd5 cxd5 16. g3 f5 17. f4 d4 18. Ba4+ Kf8 19. Nb1 Bf6 20. Na3 Rc8 21. Bb3 Kg7 22. Kb1 Rhd8 23. Rg1 Be4 24. Qxa6 Rd6 25. Qe2 Rb8 26. Nb5 Bf3 27. Qxf3 Rxb5 28. g4 Kh8 29. gxf5 Rxf5 30. Rg4 Rd8 31. Rf1 Be5 32. Qg3 Qb8 33. Rg1 Bxf4 34. Rxf4 Qe5 35. Rxf5 Qxg3 36. hxg3 exf5 37. Bxf7 Kg7 38. Bb3 Kf6 39. a4 Rd7 40. Kc1 Rg7 41. Kd2 f4 42. Rf1 Rxg3 43. Rxf4+ Ke5 44. Rf2 h5 45. Rh2 Rg5 46. Bf7 h4 47. Rxh4 Rg2+ 48. Kd3 Rg3+ 49. Kc4 Rg2 50. Kb3 Rg3+ 51. c3 d3 52. Rd4 Rg7 53. Bc4 Rb7+ 54. Bb5 d2 55. Rxd2 1-0

[Event "EU-ch U10"]
[Site "Bratislava"]
[Date "2019.08.05"]
[Round "4"]
[White "Perossa, Nicolas"]
[Black "Tushishvili, Tamaz"]
[Result "1-0"]
[WhiteElo "1627"]
[BlackElo "1330"]
[PlyCount "145"]
[EventDate "2019.08.02"]
[EventType "swiss"]
[EventRounds "9"]
[EventCountry "SVK"]
[SourceTitle "EXT 2020"]
[Source "ChessBase"]
[SourceDate "2019.10.17"]
[SourceVersion "1"]
[SourceVersionDate "2019.10.17"]
[SourceQuality "1"]

1. e4 c5 2. Nf3 Nc6 3. d4 cxd4 4. Nxd4 Nf6 5. Nc3 d6 6. Be3 e5 7. Nb3 Be7 8. Bb5 0-0 9. 0-0 Be6 10. f3 a6 11. Be2 d5 12. exd5 Nxd5 13. Nxd5 Bxd5 14. Nc5 Bxc5 15. Bxc5 Re8 16. Bf2 Be6 17. Qc1 Qc7 18. Bd3 Nb4 19. Qd2 Nxd3 20. Qxd3 Rac8 21. Rfc1 Red8 22. Qe3 f6 23. b3 b5 24. f4 Qc3 25. Qb6 Bf5 26. Qxa6 Rd2 27. Qxb5 Rxc2 28. Qd5+ Kh8 29. Rd1 h6 30. fxe5 fxe5 31. Qf3 Qxf3 32. gxf3 Re2 33. Re1 Rcc2 34. Rxe2 Rxe2 35. a4 Rb2 36. a5 Rxb3 37. a6 Rxf3 38. a7 Be4 39. Re1 Ba8 40. Rxe5 Rf8 41. Rb5 Kg8 42. Bc5 Re8 43. Bd4 Kf7 44. Rf5+ Kg8 45. Rc5 Rd8 46. Bc3 Rf8 47. Rc7 Rf7 48. Rc8+ Rf8 49. Rc5 Rf7 50. Bd4 Rd7 51. Rc8+ Kf7 52. Rxa8 Rxd4 53. Rf8+ Kxf8 54. a8Q+ Ke7 55. Qa7+ Rd7 56. Qc5+ Ke6 57. Qe3+ Kf6 58. Qf4+ Ke6 59. Qg4+ Kd6 60. Qg6+ Ke5 61. Kf2 Re7 62. Kf3 Rd7 63. Qe4+ Kf6 64. Kf4 g6 65. Qe5+ Kf7 66. Qh8 g5+ 67. Ke5 Rd1 68. Qh7+ Ke8 69. Qxh6 Re1+ 70. Kf5 Rb1 71. Qc6+ Kf8 72. Qd7 Rf1+ 73. Kg6 1-0

[Event "EU-ch U10"]
[Site "Bratislava"]
[Date "2019.08.02"]
[Round "1"]
[White "Tushishvili, Tamaz"]
[Black "Udipi, Kala Kishan"]
[Result "1-0"]
[WhiteElo "1330"]
[BlackElo "1745"]
[PlyCount "97"]
[EventDate "2019.08.02"]
[EventType "swiss"]
[EventRounds "9"]
[EventCountry "SVK"]
[SourceTitle "EXT 2020"]
[Source "ChessBase"]
[SourceDate "2019.10.17"]
[SourceVersion "1"]
[SourceVersionDate "2019.10.17"]
[SourceQuality "1"]

1. e4 c5 2. Nf3 d6 3. d4 cxd4 4. Nxd4 Nf6 5. Nc3 a6 6. Be3 e5 7. Nb3 Be6 8. Be2 Be7 9. 0-0 0-0 10. f3 Nbd7 11. Qd2 b5 12. Rfd1 Nb6 13. Kh1 Rc8 14. Bg5 Nc4 15. Bxc4 bxc4 16. Nc1 Rc6 17. N1e2 Qc7 18. b3 h6 19. Be3 Rd8 20. Nd5 Qd7 21. bxc4 Rxc4 22. Nb6 Qc6 23. Nxc4 Qxc4 24. Qd3 Qc6 25. Ng3 d5 26. exd5 Nxd5 27. Qe4 f5 28. Nxf5 Bxf5 29. Qxe5 Bf6 30. Qxf5 Bxa1 31. c4 Qxc4 32. Qe6+ Kh8 33. Rxa1 Qc3 34. Rd1 Qa5 35. Bb6 Qxb6 36. Qxb6 Nxb6 37. Rxd8+ Kh7 38. Rd6 Nc4 39. Rxa6 Kg8 40. Kg1 Kf7 41. Kf2 Ke7 42. Ra7+ Kf6 43. a4 g5 44. a5 Ke5 45. a6 Kd6 46. Rb7 Kc6 47. Rb1 Nb6 48. a7 Kb7 49. Rxb6+ 1-0